An introduction to Indian music / (Record no. 143248)

MARC details
000 -LEADER
fixed length control field 00594nam a22001937a 4500
005 - DATE AND TIME OF LATEST TRANSACTION
control field 20170811101123.0
010 ## - LCCN (DPL NO)
LC control number ENG-119629
020 ## - INTERNATIONAL STANDARD BOOK NUMBER
International Standard Book Number 9788123019994
Terms of availability 175.00
035 ## - SYSTEM CONTROL NUMBER
System control number EN-103161
037 ## - SOURCE OF ACQUISITION
Source of stock number/acquisition DBAD/PUB
082 ## - DEWEY DECIMAL CLASSIFICATION NUMBER
Classification number 781.754
100 ## - MAIN ENTRY--PERSONAL NAME
Personal name Deva,B. Chaitanya
245 ## - TITLE STATEMENT
Title An introduction to Indian music /
Statement of responsibility, etc by B.Chaitanya Deva
260 ## - PUBLICATION, DISTRIBUTION, ETC. (IMPRINT)
Place of publication, distribution, etc New Delhi
Name of publisher, distributor, etc Publications Division
Date of publication, distribution, etc 2015
270 ## - ADDRESS
Address Soochna Bhawan, CGO Complex, Lodhi Road. New Delhi-110003
300 ## - PHYSICAL DESCRIPTION
Extent 160p :
Dimensions 23cm.(pbk)
Other physical details ill.
500 ## - GENERAL NOTE
General note Includes index
942 ## - ADDED ENTRY ELEMENTS (KOHA)
Source of classification or shelving scheme Dewey Decimal Classification
Item type English Books
Classification part 781.754
Call number suffix DEV
Holdings
Withdrawn status Lost status Not for loan Collection code Home library Current library Date acquired Source of acquisition Cost, normal purchase price Full call number Barcode Copy number Cost, replacement price Koha item type
      Non-fiction Bawana Bawana 11/08/2017 DBAD/PUB 175.00 781.754 DEV EN-103161 1 175.00 English Books

© Delhi Public Library
Hit Counter
free hit counter